Európska podpora environmentálnych podnikových inovácií

Problematika podpory environmentálnych inovácií z úrovne EÚ prostredníctvom rozvojových stratégií a programov financovania environmentálnych podnikových inovácií.

Gespeichert in:
Bibliographische Detailangaben
1. Verfasser: Lešková, Ľubica, 1988-
Weitere Verfasser: Čorba, Juraj, ml
Format: Buchkapitel
Sprache:Slowakisch
Schlagworte:
Tags: Tag hinzufügen
Keine Tags, Fügen Sie das erste Tag hinzu!

MARC

LEADER 00000nla a2200000 4500
001 0181093
005 20240502073112.4
041 0 |a slo 
044 |a SK 
245 1 0 |a Európska podpora environmentálnych podnikových inovácií  |c Ľubica Lešková, Juraj Čorba 
520 |a Problematika podpory environmentálnych inovácií z úrovne EÚ prostredníctvom rozvojových stratégií a programov financovania environmentálnych podnikových inovácií. 
610 2 0 |a stratégia podnikateľská 
610 2 0 |a politika podnikania 
610 2 0 |a inovácia 
610 2 0 |a ekológia 
610 2 0 |a financovanie 
610 2 0 |a rozvoj trvalo udržateľný 
100 1 |a Lešková, Ľubica, 1988- 
700 1 |a Čorba, Juraj, ml.